| 000 | 01006nam a2200265 i 4500 | ||
|---|---|---|---|
| 003 | EG-ScBUE | ||
| 005 | 20231026101659.0 | ||
| 008 | 100803s1988 u f 000 0aara d | ||
| 017 | _a1988 / 5608 | ||
| 020 | _a9770118877 | ||
| 040 |
_aEG-ScBUE _bara _erda _cEG-ScBUE _dEG-ScBUE |
||
| 043 | _af-ua--- | ||
| 082 | 0 | 4 |
_222 _a327.0962 _bف ط ا |
| 100 |
_917001 _aفطاطري، سعد، _eمؤلف. |
||
| 245 | 1 | 0 |
_aسعادة السفير : _bمذكراتى 40 عاما في السلك الدبلوماسي / _cسعد الفطاطري. |
| 264 | 1 |
_aالقاهرة : _bالهيئة المصرية العامة للكتاب، _c1988. |
|
| 300 |
_a293 صفحة : _bإيضاحيات ؛ _c25 سم |
||
| 336 |
_2rdacontent _aنص _btxt |
||
| 337 |
_2rdamedia _aبدون وسيط _bn |
||
| 338 |
_2rdacarrier _aمجلد _bnc |
||
| 600 | 1 | 7 |
_aفطاطري، سعد _xيوميات. _2BUEsh |
| 650 | 7 |
_917055 _aالدبلوماسيون المصريون _vتراجم. _2BUEsh |
|
| 655 | _vReading book | ||
| 942 |
_2ddc _cBB |
||
| 999 |
_c14604 _d14604 |
||